000 01617nam a2200385 a 4500
001 BRCA_8644
005 20190320210344.0
008 041016s1730----it-#######---#000-0#lat-#
041 _alat
044 _ait
050 4 _aKBR2155
_b.R35
_c1730
100 1 _aReiffenstuel, Anacleto
_921575
245 1 0 _aJus canonicum universum clara methodo juxta titulos quinque librorum decretalium in quaestiones distribitum solidisque responsionibus & objectionum solutionibus dilucidatum
_cAnacleto Reiffenstuel.
260 _aVenetiis
_bApud Antonium Bortoli
_c1730
300 _aT.I,T.II y III
_c34 cm
500 _aFondo antiguo
500 _aSe encuentra en Caja Fuerte
500 _aT.I y II se conservan en caja de almeja
500 _aCOD-127?
500 _aT.I se localiza en cuarto de fumigación
500 _aGrabado en portada
500 _aCon licentia & aprobbatio ordinis y censura theologica
500 _aContiene prefacio
500 _aTexto impreso a dos columnas
500 _aUso de letras capitulares
500 _aRubrica en la guarda perteneciente ´Del Br. Jph Florencio Brenal´
500 _aSe conservan testigos dentro del tomo II
500 _aIncluye índice alfabético
500 _aEn el lomo se indica T.I y el tomo corresponde correctamente al II
500 _aNota de encuadernación: en piel pergamino, el T.III presenta una mancha de color rojo en la tapa
506 0 _aFondo reservado: para su consulta es necesario credencial de usuario y carta de motivos
650 1 4 _aDerecho canónico
_eObras anteriores a 1800
_921260
902 _aLAR
942 _2lcc
_cB
999 _c8304
_d8304